| 000 | 01260nam a2200253 i 4500 | ||
|---|---|---|---|
| 001 | 151921 | ||
| 003 | ES-MaACL | ||
| 005 | 20251203063032.0 | ||
| 008 | 931025s1729 sp |||| | spa d | ||
| 040 |
_aCYL _bspa _cPAB |
||
| 100 | 1 |
_aBerganza, Francisco de, _d1663-1738 _927932 |
|
| 245 | 1 | 0 |
_aFerreras convencido con critico desengaño en el tribunal de los doctos _b: con los chronicones corregidos que escribieron el rey don Alonso III ... , Sampiro obispo de Astorga, Pelagio obispo de Oviedo, Isidoro obispo pacense ... / _cpor P. M. Fr. Francisco de Berganza ... de la religion de San Benito... |
| 260 |
_aEn Madrid : _ben la imprenta de Francisco del Hierro, _c1729. |
||
| 300 |
_a[44], 491, [1] en bl., [12] p. ; _c4º. |
||
| 530 | _aDisponible en formato digital. | ||
| 597 | _aSign.: [¶-4¶4, 5¶6, A-Z4, Aa-Zz4, Aaa-Ooo4, Ppp-Qqq6. | ||
| 597 | _aPort. orlada. | ||
| 597 | _aTexto con apostillas marginales. | ||
| 600 | 1 | 4 |
_aFerreras, Juan de- _vCrítica e interpretación. _9127066 |
| 650 | 0 | 7 |
_aHistoria eclesiástica _2embne _913400 |
| 852 |
_aES-MaACL _jR-1192 _z-- Enc. perg. _x-- Olim: G-7139 |
||
| 856 |
_uhttp://bdh-rd.bne.es/viewer.vm?id=0000146081&page=1 _zBiblioteca Digital Hispánica |
||
| 999 |
_c151921 _d151921 |
||